| 000 | 00780nam a2200289Ia 4500 | ||
|---|---|---|---|
| 005 | 20260324150842.0 | ||
| 008 | 008 260324s9999 xx 000 0 eng d | ||
| 020 | _a9780429294150 | ||
| 037 | _aEBOOK | ||
| 040 | _aCRL | ||
| 040 | _beng | ||
| 040 | _cCRL | ||
| 041 | _2eng | ||
| 041 | _aeng | ||
| 084 | _qCRL | ||
| 100 |
_aS. Zuckerman _91227846 |
||
| 245 | 0 | _aFunctional Affinities of Man, Monkeys, and Apes | |
| 245 | 2 | _bA Study of the Bearings of Physiology and Behaviour on the Taxonomy and Phylogeny of Lemurs, Monkeys, Apes, and Man | |
| 260 | _bTaylor and Francis | ||
| 260 | _c1933 | ||
| 365 | _a | ||
| 365 | _b170 | ||
| 856 | _uhttp://www.taylorfrancis.com/books/9780429294150 | ||
| 942 | _cEBOOK | ||
| 999 |
_c1838021 _d1838021 |
||